[Event "ODJM A 2018"]
[Site "Willingen GER"]
[Date "2018.05.25"]
[Round "8"]
[White "Savchenko, Daniel"]
[Black "Irkilmez, Yakub"]
[Result "1/2-1/2"]
[Termination "normal"]
[Board "8"]
[WhiteElo "2117"]
[BlackElo "2108"]
[WhiteClock "00:02:45"]
[BlackClock "00:28:02"]
[PlyCount "88"]
[WhiteFideId "12919195"]
[BlackFideId "16204581"]
[EventCountry "GER"]
[EventRounds "9"]
[EventType "swiss"]
[EventDate "2018.05.19"]

1. e4 {[%clk 1:30:58]} 1... e6 {[%clk 1:30:56]} 2. d4 {[%clk 1:31:23]} 2... d5
{[%clk 1:31:20]} 3. Nd2 {[%clk 1:31:48]} 3... Nf6 {[%clk 1:31:43]} 4. e5 {
[%clk 1:32:13]} 4... Nfd7 {[%clk 1:32:06]} 5. Bd3 {[%clk 1:32:30]} 5... c5 {
[%clk 1:32:30]} 6. c3 {[%clk 1:32:55]} 6... b5 {[%clk 1:32:55]} 7. Ne2 { [%clk
1:30:21]} 7... b4 {[%clk 1:29:51]} 8. O-O {[%clk 1:30:05]} 8... Ba6 { [%clk
1:29:44]} 9. Bxa6 {[%clk 1:28:08]} 9... Nxa6 {[%clk 1:29:23]} 10. f4 { [%clk
1:28:31]} 10... Be7 {[%clk 1:29:40]} 11. f5 {[%clk 1:28:01]} 11... Nc7 { [%clk
1:29:25]} 12. Kh1 {[%clk 1:26:26]} 12... bxc3 {[%clk 1:29:20]} 13. bxc3 { [%clk
1:26:49]} 13... cxd4 {[%clk 1:29:45]} 14. cxd4 {[%clk 1:27:10]} 14... O-O
{[%clk 1:29:56]} 15. Ng3 {[%clk 1:23:46]} 15... f6 {[%clk 1:29:53]} 16. Nf3 {
[%clk 1:21:58]} 16... Nb6 {[%clk 1:25:13]} 17. Qe1 {[%clk 1:20:17]} 17... fxe5
{[%clk 1:24:17]} 18. Nxe5 {[%clk 1:20:13]} 18... Bh4 {[%clk 1:23:42]} 19. Ba3 {
[%clk 1:19:17]} 19... Re8 {[%clk 1:16:44]} 20. f6 {[%clk 1:12:44]} 20... gxf6 {
[%clk 1:11:12]} 21. Ng4 {[%clk 1:06:31]} 21... Kh8 {[%clk 1:06:39]} 22. Nxf6 {
[%clk 0:59:35]} 22... Bxf6 {[%clk 0:58:25]} 23. Nh5 {[%clk 0:58:48]} 23... Nc4
{[%clk 0:58:36]} 24. Rxf6 {[%clk 0:56:54]} 24... Rg8 {[%clk 0:57:07]} 25. Bc5 {
[%clk 0:41:17]} 25... Rb8 {[%clk 0:44:10]} 26. Rc1 {[%clk 0:28:44]} 26... Rb2 {
[%clk 0:39:52]} 27. g3 {[%clk 0:14:26]} 27... Qe8 {[%clk 0:38:19]} 28. Nf4 {
[%clk 0:13:29]} 28... Rxa2 {[%clk 0:32:38]} 29. Rxc4 {[%clk 0:12:07]} 29...
dxc4 {[%clk 0:30:42]} 30. Qe5 {[%clk 0:12:12]} 30... Qc6+ {[%clk 0:29:44]} 31.
d5 {[%clk 0:12:29]} 31... Re2 {[%clk 0:29:14]} 32. Qxe2 {[%clk 0:07:23]} 32...
Nxd5 {[%clk 0:29:14]} 33. Qe4 {[%clk 0:06:10]} 33... Qxc5 {[%clk 0:29:20]} 34.
Qe5 {[%clk 0:06:08]} 34... Qe3 {[%clk 0:29:42]} 35. Qxe3 {[%clk 0:03:51]} 35...
Nxe3 {[%clk 0:29:57]} 36. Rxe6 {[%clk 0:04:15]} 36... Ng4 {[%clk 0:29:58]} 37.
Kg2 {[%clk 0:03:37]} 37... c3 {[%clk 0:28:48]} 38. Rc6 {[%clk 0:02:57]} 38...
c2 {[%clk 0:29:05]} 39. h3 {[%clk 0:02:51]} 39... Ne3+ {[%clk 0:29:28]} 40. Kf3
{[%clk 0:03:13]} 40... Nf5 {[%clk 0:29:50]} 41. Ne2 {[%clk 0:02:59]} 41... Re8
{[%clk 0:29:41]} 42. Rc3 {[%clk 0:02:35]} 42... Rf8 {[%clk 0:29:13]} 43. Ke4 {
[%clk 0:02:33]} 43... Re8+ {[%clk 0:28:36]} 44. Kf3 {[%clk 0:02:45]} 44... Rf8
{[%clk 0:28:02]} 1/2-1/2

[Event "ODJM A 2018"]
[Site "Willingen GER"]
[Date "2018.05.25"]
[Round "8"]
[White "Rieper, Julian"]
[Black "Engel, Robert"]
[Result "1/2-1/2"]
[Termination "normal"]
[Board "9"]
[WhiteElo "2038"]
[BlackElo "2081"]
[WhiteClock "00:22:13"]
[BlackClock "00:14:32"]
[PlyCount "76"]
[WhiteFideId "12936960"]
[BlackFideId "12974684"]
[EventCountry "GER"]
[EventRounds "9"]
[EventType "swiss"]
[EventDate "2018.05.19"]

1. e4 {[%clk 1:30:56]} 1... c5 {[%clk 1:30:51]} 2. Nf3 {[%clk 1:31:10]} 2... d6
{[%clk 1:31:16]} 3. d4 {[%clk 1:31:32]} 3... cxd4 {[%clk 1:31:42]} 4. Nxd4 {
[%clk 1:31:57]} 4... Nf6 {[%clk 1:32:04]} 5. Nc3 {[%clk 1:32:22]} 5... a6 {
[%clk 1:32:31]} 6. Be3 {[%clk 1:29:58]} 6... e5 {[%clk 1:32:50]} 7. Nb3 { [%clk
1:29:46]} 7... Be6 {[%clk 1:33:00]} 8. Qd3 {[%clk 1:29:01]} 8... Nbd7 { [%clk
1:31:06]} 9. Nd5 {[%clk 1:27:39]} 9... Bxd5 {[%clk 1:30:48]} 10. exd5 { [%clk
1:28:03]} 10... Be7 {[%clk 1:25:46]} 11. Be2 {[%clk 1:27:08]} 11... O-O { [%clk
1:25:53]} 12. a4 {[%clk 1:23:58]} 12... b6 {[%clk 1:16:40]} 13. O-O { [%clk
1:23:51]} 13... Nc5 {[%clk 1:14:36]} 14. Nxc5 {[%clk 1:22:31]} 14... bxc5
{[%clk 1:13:42]} 15. b3 {[%clk 1:18:36]} 15... Nd7 {[%clk 1:12:21]} 16. g4 {
[%clk 1:11:59]} 16... Bg5 {[%clk 1:01:30]} 17. Kh1 {[%clk 1:02:57]} 17... g6 {
[%clk 0:54:39]} 18. Rae1 {[%clk 0:59:18]} 18... Re8 {[%clk 0:50:52]} 19. Bf3 {
[%clk 0:56:37]} 19... Qf6 {[%clk 0:47:19]} 20. Bxg5 {[%clk 0:45:36]} 20... Qxg5
{[%clk 0:46:15]} 21. h3 {[%clk 0:45:43]} 21... Nf6 {[%clk 0:43:09]} 22. Be4 {
[%clk 0:42:13]} 22... Qf4 {[%clk 0:39:22]} 23. Qe3 {[%clk 0:38:49]} 23... Qxe3
{[%clk 0:34:53]} 24. Rxe3 {[%clk 0:38:56]} 24... Rab8 {[%clk 0:34:58]} 25. Bg2
{[%clk 0:35:29]} 25... Rb4 {[%clk 0:33:36]} 26. Rd1 {[%clk 0:34:15]} 26... Reb8
{[%clk 0:32:04]} 27. Bf1 {[%clk 0:33:41]} 27... Rd4 {[%clk 0:26:32]} 28. Red3 {
[%clk 0:29:10]} 28... Rf4 {[%clk 0:22:20]} 29. Kg2 {[%clk 0:27:21]} 29... a5 {
[%clk 0:21:56]} 30. Rf3 {[%clk 0:26:15]} 30... Rxf3 {[%clk 0:19:34]} 31. Kxf3 {
[%clk 0:26:39]} 31... Nd7 {[%clk 0:19:37]} 32. Bb5 {[%clk 0:25:22]} 32... Nb6 {
[%clk 0:19:52]} 33. Ke4 {[%clk 0:23:39]} 33... Rf8 {[%clk 0:19:51]} 34. c3 {
[%clk 0:22:45]} 34... f5+ {[%clk 0:20:00]} 35. Ke3 {[%clk 0:22:36]} 35... fxg4
{[%clk 0:19:32]} 36. hxg4 {[%clk 0:23:00]} 36... Rf4 {[%clk 0:19:46]} 37. f3 {
[%clk 0:23:00]} 37... Kg7 {[%clk 0:18:14]} 38. Bc6 {[%clk 0:22:13]} 38... h6 {
[%clk 0:14:32]} 1/2-1/2

[Event "ODJM A 2018"]
[Site "Willingen GER"]
[Date "2018.05.25"]
[Round "8"]
[White "Hinrichs, Niklas"]
[Black "Parvanyan, Alfred"]
[Result "1/2-1/2"]
[Termination "normal"]
[Board "10"]
[WhiteElo "1976"]
[BlackElo "2095"]
[WhiteClock "00:22:26"]
[BlackClock "00:19:05"]
[PlyCount "50"]
[WhiteFideId "12942499"]
[BlackFideId "13305832"]
[EventCountry "GER"]
[EventRounds "9"]
[EventType "swiss"]
[EventDate "2018.05.19"]

1. d4 {[%clk 1:30:59]} 1... e6 {[%clk 1:30:39]} 2. Nf3 {[%clk 1:30:20]} 2... f5
{[%clk 1:30:46]} 3. c4 {[%clk 1:28:54]} 3... Nf6 {[%clk 1:30:55]} 4. Nc3 {
[%clk 1:28:12]} 4... d5 {[%clk 1:31:13]} 5. Bf4 {[%clk 1:27:25]} 5... Bd6 {
[%clk 1:30:27]} 6. e3 {[%clk 1:24:48]} 6... O-O {[%clk 1:30:11]} 7. Ne5 { [%clk
1:19:43]} 7... c6 {[%clk 1:28:27]} 8. Bd3 {[%clk 1:19:00]} 8... Qe7 { [%clk
1:27:03]} 9. h3 {[%clk 1:17:34]} 9... Ne4 {[%clk 1:24:27]} 10. Qc2 { [%clk
1:15:10]} 10... Nd7 {[%clk 1:20:47]} 11. g4 {[%clk 1:01:42]} 11... Nxc3 { [%clk
1:13:36]} 12. bxc3 {[%clk 1:01:00]} 12... Bxe5 {[%clk 1:13:40]} 13. Bxe5 {[%clk
1:00:11]} 13... Nxe5 {[%clk 1:13:24]} 14. dxe5 {[%clk 1:00:38]} 14... dxc4
{[%clk 1:12:25]} 15. Bxc4 {[%clk 0:59:16]} 15... Qc5 {[%clk 1:12:19]} 16. Bb3
{[%clk 0:57:57]} 16... Qxe5 {[%clk 1:12:05]} 17. O-O-O {[%clk 0:58:03]} 17...
Kh8 {[%clk 1:06:43]} 18. Rd2 {[%clk 0:49:19]} 18... b5 {[%clk 1:01:28]} 19. Qd3
{[%clk 0:40:46]} 19... Bb7 {[%clk 0:51:30]} 20. f4 {[%clk 0:38:00]} 20... Qf6
{[%clk 0:48:13]} 21. Rhd1 {[%clk 0:32:30]} 21... h6 {[%clk 0:33:38]} 22. Qd4
{[%clk 0:26:19]} 22... Qxd4 {[%clk 0:30:27]} 23. cxd4 {[%clk 0:26:28]} 23...
Rfe8 {[%clk 0:28:08]} 24. Rg1 {[%clk 0:22:51]} 24... a5 {[%clk 0:25:05]} 25. a3
{[%clk 0:22:26]} 25... Rac8 {[%clk 0:19:05]} 1/2-1/2

[Event "ODJM A 2018"]
[Site "Willingen GER"]
[Date "2018.05.25"]
[Round "8"]
[White "Gerlach, Felix"]
[Black "Förster, Erik"]
[Result "0-1"]
[Termination "normal"]
[Board "11"]
[WhiteElo "1907"]
[BlackElo "2074"]
[WhiteClock "00:35:40"]
[BlackClock "00:22:49"]
[PlyCount "64"]
[WhiteFideId "12957690"]
[BlackFideId "12918601"]
[EventCountry "GER"]
[EventRounds "9"]
[EventType "swiss"]
[EventDate "2018.05.19"]

1. e4 {[%clk 1:30:58]} 1... e6 {[%clk 1:30:55]} 2. d4 {[%clk 1:31:25]} 2... d5
{[%clk 1:31:21]} 3. Nc3 {[%clk 1:31:50]} 3... Nf6 {[%clk 1:31:47]} 4. Bg5 {
[%clk 1:32:14]} 4... Bb4 {[%clk 1:32:14]} 5. e5 {[%clk 1:32:31]} 5... h6 {
[%clk 1:32:42]} 6. Bc1 {[%clk 1:32:53]} 6... Ne4 {[%clk 1:33:06]} 7. Qg4 {
[%clk 1:33:12]} 7... g6 {[%clk 1:33:34]} 8. a3 {[%clk 1:33:02]} 8... Bxc3+ {
[%clk 1:33:29]} 9. bxc3 {[%clk 1:33:27]} 9... Nxc3 {[%clk 1:30:50]} 10. Bd3 {
[%clk 1:33:25]} 10... c5 {[%clk 1:25:35]} 11. dxc5 {[%clk 1:30:11]} 11... Nc6 {
[%clk 1:23:43]} 12. Nf3 {[%clk 1:29:57]} 12... Qa5 {[%clk 1:21:04]} 13. O-O {
[%clk 1:29:26]} 13... Qxc5 {[%clk 1:15:27]} 14. Re1 {[%clk 1:22:50]} 14... Bd7
{[%clk 1:07:08]} 15. Be3 {[%clk 1:19:03]} 15... Qe7 {[%clk 1:04:11]} 16. Bd2 {
[%clk 1:18:10]} 16... Ne4 {[%clk 1:01:47]} 17. Bxe4 {[%clk 1:18:16]} 17... dxe4
{[%clk 1:02:16]} 18. Qxe4 {[%clk 1:18:26]} 18... Kf8 {[%clk 0:57:50]} 19. Rab1
{[%clk 1:14:34]} 19... Rb8 {[%clk 0:54:04]} 20. Nd4 {[%clk 1:12:58]} 20... Qc5
{[%clk 0:53:15]} 21. Nxc6 {[%clk 1:06:04]} 21... Qxc6 {[%clk 0:53:35]} 22. Qh4
{[%clk 1:06:27]} 22... Kg8 {[%clk 0:49:10]} 23. Rbd1 {[%clk 1:01:33]} 23...
Qxc2 {[%clk 0:45:10]} 24. Bxh6 {[%clk 0:59:36]} 24... Be8 {[%clk 0:40:33]} 25.
g4 {[%clk 0:55:12]} 25... Qa4 {[%clk 0:36:23]} 26. Rd3 {[%clk 0:53:56]} 26...
Bc6 {[%clk 0:30:03]} 27. Rh3 {[%clk 0:40:43]} 27... Qd4 {[%clk 0:25:31]} 28.
Qg3 {[%clk 0:36:38]} 28... Qd5 {[%clk 0:25:20]} 29. f3 {[%clk 0:36:53]} 29...
Qc5+ {[%clk 0:23:05]} 30. Kh1 {[%clk 0:36:33]} 30... Qxa3 {[%clk 0:22:33]} 31.
Rf1 {[%clk 0:36:35]} 31... Qd3 {[%clk 0:22:36]} 32. Kg2 {[%clk 0:35:40]} 32...
Rxh6 {[%clk 0:22:49]} 0-1

[Event "ODJM A 2018"]
[Site "Willingen GER"]
[Date "2018.05.25"]
[Round "8"]
[White "Schimnatkowski, Lukas"]
[Black "Stelmaszyk, Nico"]
[Result "1/2-1/2"]
[Termination "normal"]
[Board "12"]
[WhiteElo "2051"]
[BlackElo "1919"]
[WhiteClock "00:23:03"]
[BlackClock "00:46:19"]
[PlyCount "50"]
[WhiteFideId "12936723"]
[BlackFideId "16200462"]
[EventCountry "GER"]
[EventRounds "9"]
[EventType "swiss"]
[EventDate "2018.05.19"]

1. a3 {[%clk 1:30:56]} 1... d5 {[%clk 1:28:22]} 2. Nf3 {[%clk 1:31:15]} 2...
Bf5 {[%clk 1:27:36]} 3. c4 {[%clk 1:30:38]} 3... dxc4 {[%clk 1:25:40]} 4. Qa4+
{[%clk 1:28:42]} 4... c6 {[%clk 1:24:45]} 5. Qxc4 {[%clk 1:29:00]} 5... Nf6 {
[%clk 1:22:37]} 6. d3 {[%clk 1:26:20]} 6... Nbd7 {[%clk 1:20:55]} 7. Nbd2 {
[%clk 1:19:46]} 7... e5 {[%clk 1:18:09]} 8. e3 {[%clk 1:17:07]} 8... Bd6 {
[%clk 1:11:05]} 9. Be2 {[%clk 1:16:14]} 9... O-O {[%clk 1:10:25]} 10. O-O {
[%clk 1:15:52]} 10... Qe7 {[%clk 1:08:58]} 11. b3 {[%clk 1:01:39]} 11... e4 {
[%clk 1:04:52]} 12. dxe4 {[%clk 0:55:02]} 12... Nxe4 {[%clk 1:03:44]} 13. Nxe4
{[%clk 0:54:56]} 13... Bxe4 {[%clk 1:03:41]} 14. Bb2 {[%clk 0:54:11]} 14...
Bxf3 {[%clk 1:02:49]} 15. Bxf3 {[%clk 0:52:22]} 15... Ne5 {[%clk 1:02:11]} 16.
Qe2 {[%clk 0:49:14]} 16... Nxf3+ {[%clk 1:02:34]} 17. Qxf3 {[%clk 0:49:37]}
17... Be5 {[%clk 1:02:53]} 18. Bxe5 {[%clk 0:48:37]} 18... Qxe5 {[%clk 1:02:31]
} 19. Qg4 {[%clk 0:41:31]} 19... Rad8 {[%clk 1:01:00]} 20. Rad1 {[%clk 0:34:25]
} 20... Qc3 {[%clk 1:00:20]} 21. Qb4 {[%clk 0:32:35]} 21... Qxb4 { [%clk
0:52:52]} 22. axb4 {[%clk 0:32:59]} 22... f5 {[%clk 0:52:07]} 23. f3 { [%clk
0:31:10]} 23... Kf7 {[%clk 0:50:46]} 24. Kf2 {[%clk 0:31:02]} 24... Ke7 { [%clk
0:48:34]} 25. Kg3 {[%clk 0:23:03]} 25... Ke6 {[%clk 0:46:19]} 1/2-1/2

[Event "ODJM A 2018"]
[Site "Willingen GER"]
[Date "2018.05.25"]
[Round "8"]
[White "Pölt, Christoph"]
[Black "Melde, Benjamin"]
[Result "1/2-1/2"]
[Termination "normal"]
[Board "13"]
[WhiteElo "1903"]
[BlackElo "2069"]
[PlyCount "56"]
[WhiteFideId "12960853"]
[BlackFideId "12958816"]
[EventCountry "GER"]
[EventRounds "9"]
[EventType "swiss"]
[EventDate "2018.05.19"]

1. d4 Nf6 2. c4 g6 3. Nc3 Bg7 4. e4 O-O 5. Nf3 d6 6. Be2 e5 7. Be3 c6 8. Nd2
exd4 9. Bxd4 Be6 10. O-O d5 11. cxd5 cxd5 12. exd5 Nxd5 13. Bxg7 Kxg7 14. Nxd5
Bxd5 15. Bf3 Nc6 16. Bxd5 Qxd5 17. Nf3 Rad8 18. Qxd5 Rxd5 19. Rfe1 Rfd8 20. g3
Kf6 21. Kg2 Nb4 22. Re2 Rd1 23. Rxd1 Rxd1 24. a3 Nd3 25. Rc2 Rb1 26. Rc3 Ne5
27. Nxe5 Kxe5 28. b4 Kd6 1/2-1/2

[Event "ODJM A 2018"]
[Site "Willingen GER"]
[Date "2018.05.25"]
[Round "8"]
[White "Zeuner, Ole"]
[Black "Brunner, Jan"]
[Result "1/2-1/2"]
[Termination "normal"]
[Board "14"]
[WhiteElo "1982"]
[BlackElo "2005"]
[PlyCount "63"]
[WhiteFideId "12943576"]
[BlackFideId "12981010"]
[EventCountry "GER"]
[EventRounds "9"]
[EventType "swiss"]
[EventDate "2018.05.19"]

1. e4 c5 2. Nf3 Nc6 3. d4 cxd4 4. Nxd4 Nf6 5. Nc3 d6 6. Bg5 e6 7. Qd2 Be7 8.
O-O-O Nxd4 9. Qxd4 O-O 10. f3 a6 11. h4 b5 12. Kb1 Qa5 13. Qd2 b4 14. Ne2 e5
15. Nc1 Be6 16. g4 Rfd8 17. Bxf6 Bxf6 18. g5 Be7 19. Bh3 d5 20. Bxe6 fxe6 21.
g6 dxe4 22. gxh7+ Kxh7 23. Qe3 exf3 24. Qxf3 Rxd1 25. Rxd1 Rf8 26. Qg4 Rf6 27.
Qh5+ Rh6 28. Qf7 Bxh4 29. Rg1 Bf6 30. Qxe6 Qc5 31. Qg4 Rh2 32. Qg6+ 1/2-1/2

[Event "ODJM A 2018"]
[Site "Willingen GER"]
[Date "2018.05.25"]
[Round "8"]
[White "Askerov, Imamali"]
[Black "Weber, Jannis"]
[Result "1/2-1/2"]
[Termination "normal"]
[Board "15"]
[WhiteElo "1935"]
[BlackElo "1871"]
[PlyCount "43"]
[WhiteFideId "12974498"]
[BlackFideId "12990760"]
[EventCountry "GER"]
[EventRounds "9"]
[EventType "swiss"]
[EventDate "2018.05.19"]

1. e4 c5 2. Nf3 d6 3. d4 cxd4 4. Nxd4 Nf6 5. Nc3 a6 6. f4 e5 7. Nf3 Qc7 8. a4
Be7 9. Bd3 b6 10. O-O Bb7 11. h3 Nbd7 12. Qe1 O-O 13. g4 d5 14. fxe5 dxe4 15.
Nxe4 Nxe5 16. Nxe5 Qxe5 17. Nxf6+ Bxf6 18. Qxe5 Bxe5 19. Be3 Bd5 20. Rad1 Bxb2
21. Bxb6 Be6 22. a5 1/2-1/2

[Event "ODJM A 2018"]
[Site "Willingen GER"]
[Date "2018.05.25"]
[Round "8"]
[White "Buller, Ian Joshua"]
[Black "Steffens, Oliver"]
[Result "1/2-1/2"]
[Termination "normal"]
[Board "16"]
[WhiteElo "1779"]
[BlackElo "1944"]
[PlyCount "210"]
[WhiteFideId "12990655"]
[BlackFideId "12947148"]
[EventCountry "GER"]
[EventRounds "9"]
[EventType "swiss"]
[EventDate "2018.05.19"]

1. e4 c6 2. d4 d5 3. exd5 cxd5 4. Bd3 Nf6 5. h3 e6 6. Nf3 Bd6 7. O-O Nc6 8. c3
Bd7 9. Re1 Qc7 10. Qe2 Ne7 11. Ne5 Ng6 12. Nxg6 hxg6 13. Nd2 g5 14. Nf3 g4 15.
hxg4 Bh2+ 16. Kf1 Nxg4 17. Nxh2 Nxh2+ 18. Kg1 Nf1 19. Qe5 Qxe5 20. dxe5 Nh2 21.
f3 g5 22. Bxg5 Rg8 23. Kxh2 Rxg5 24. g4 Ke7 25. Kg3 Rag8 26. Re2 f5 27. exf6+
Kxf6 28. Rh1 e5 29. Rh6+ Ke7 30. c4 Bc6 31. cxd5 Bxd5 32. a3 R8g7 33. Rh7 Rxh7
34. Bxh7 Kf6 35. Be4 Bxe4 36. Rxe4 Rg7 37. f4 exf4+ 38. Kxf4 Rc7 39. g5+ Kf7
40. Kf5 Rc2 41. g6+ Kf8 42. g7+ Kxg7 43. Re7+ Kf8 44. Rxb7 a5 45. Ke4 Ke8 46.
Kd3 Rc5 47. Kd4 Rc2 48. Rb5 Kd7 49. Kd3 Rh2 50. Kc3 Rh3+ 51. Kc2 Kc6 52. Rxa5
Kb6 53. Rg5 Ka6 54. Rd5 Kb6 55. Rd3 Rh4 56. b4 Kc6 57. Kb3 Rg4 58. a4 Rh4 59.
b5+ Kc5 60. Rc3+ Kb6 61. Rc6+ Kb7 62. Rc4 Rh6 63. Kb4 Kb6 64. a5+ Kb7 65. b6
Ka6 66. Rc8 Rh4+ 67. Kc5 Rh5+ 68. Kc6 Rh6+ 69. Kc7 Rh7+ 70. Kb8 Kxa5 71. Rc7
Rh6 72. b7 Kb6 73. Ka8 Kxc7 74. b8=Q+ Kd7 75. Qb7+ Ke8 76. Qe4+ Kf7 77. Kb7 Re6
78. Qf5+ Rf6 79. Qd5+ Re6 80. Kc7 Kf6 81. Qd4+ Kf5 82. Kd7 Re4 83. Qc3 Kf4 84.
Kd6 Re3 85. Qc2 Rf3 86. Kd5 Ke3 87. Qe4+ Kf2 88. Kd4 Kg3 89. Qe1+ Kg4 90. Qe2
Kg3 91. Ke4 Rf2 92. Qe1 Kg2 93. Ke3 Rf3+ 94. Ke4 Rf1 95. Qe2+ Rf2 96. Qg4+ Kf1
97. Ke3 Rf8 98. Qe2+ Kg1 99. Qh5 Rg8 100. Qd1+ Kh2 101. Qd6+ Kg1 102. Kf3 Rg2
103. Qd1+ Kh2 104. Qf1 Rg3+ 105. Kf2 Rf3+ 1/2-1/2

[Event "ODJM A 2018"]
[Site "Willingen GER"]
[Date "2018.05.25"]
[Round "8"]
[White "Silber, Kevin"]
[Black "Kartsev, Nikolay"]
[Result "1/2-1/2"]
[Termination "normal"]
[Board "17"]
[WhiteElo "2244"]
[BlackElo "1993"]
[PlyCount "44"]
[WhiteFideId "12930440"]
[BlackFideId "12939536"]
[EventCountry "GER"]
[EventRounds "9"]
[EventType "swiss"]
[EventDate "2018.05.19"]

1. e4 d5 2. exd5 Nf6 3. Nc3 Nxd5 4. Nf3 Bg4 5. d4 e6 6. Ne4 Nd7 7. Be2 Be7 8.
O-O O-O 9. Ng3 N7f6 10. h3 Bxf3 11. Bxf3 c6 12. Re1 Bd6 13. Ne4 Bf4 14. c4 Bxc1
15. cxd5 Bxb2 16. Rb1 Nxe4 17. Bxe4 cxd5 18. Bxh7+ Kxh7 19. Qh5+ Kg8 20. Rxb2
b6 21. Rb3 Qf6 22. Re5 Rac8 1/2-1/2

[Event "ODJM A 2018"]
[Site "Willingen GER"]
[Date "2018.05.25"]
[Round "8"]
[White "Hofmann, Lorenz"]
[Black "Goldbeck, Lars"]
[Result "1/2-1/2"]
[Termination "normal"]
[Board "18"]
[WhiteElo "1909"]
[BlackElo "2247"]
[PlyCount "128"]
[WhiteFideId "12995509"]
[BlackFideId "16208188"]
[EventCountry "GER"]
[EventRounds "9"]
[EventType "swiss"]
[EventDate "2018.05.19"]

1. e4 c6 2. Nc3 d5 3. Nf3 dxe4 4. Nxe4 Nf6 5. Nxf6+ exf6 6. d4 Bd6 7. Bd3 O-O
8. O-O Bg4 9. Bd2 Nd7 10. c4 Qc7 11. h3 Bh5 12. Bc3 Rad8 13. g4 Bg6 14. Bxg6
hxg6 15. Kg2 Rfe8 16. Qc2 Nf8 17. Rfe1 Ne6 18. Bd2 Bf4 19. Be3 Qa5 20. Qc3 Qxc3
21. bxc3 Bxe3 22. fxe3 f5 23. Kg3 Re7 24. e4 f4+ 25. Kg2 f6 26. h4 Kf7 27. Re2
b5 28. cxb5 cxb5 29. Rd1 Nc5 30. e5 Na4 31. Rc1 Nb6 32. Rb2 a6 33. exf6 gxf6
34. g5 Nc4 35. Rf2 f5 36. Re1 Re3 37. Rxe3 fxe3 38. Re2 Re8 39. Ne1 Re4 40. Nf3
Ke6 41. Re1 Kd5 42. Kf1 Rg4 43. Ke2 Ke4 44. Rg1 Rxg1 45. Nxg1 Nd6 46. Nf3 f4
47. h5 gxh5 48. g6 Ne8 49. Ng5+ Kf5 50. Nh3 Kxg6 51. Nxf4+ Kg5 52. Kxe3 Nd6 53.
Nxh5 Kxh5 54. Kf4 Kg6 55. Ke5 Nf7+ 56. Kd5 Kf6 57. Kc5 Ke6 58. a4 Nd6 59. axb5
a5 60. b6 Kd7 61. d5 Ke7 62. c4 Kd7 63. Kd4 a4 64. c5 a3 1/2-1/2

[Event "ODJM A 2018"]
[Site "Willingen GER"]
[Date "2018.05.25"]
[Round "8"]
[White "Leser, Stefan"]
[Black "Dette, Jan"]
[Result "0-1"]
[Termination "normal"]
[Board "19"]
[WhiteElo "1852"]
[BlackElo "2097"]
[PlyCount "52"]
[WhiteFideId "12997706"]
[BlackFideId "12936677"]
[EventCountry "GER"]
[EventRounds "9"]
[EventType "swiss"]
[EventDate "2018.05.19"]

1. e4 e6 2. d4 d5 3. Nc3 Nf6 4. Bg5 Bb4 5. e5 h6 6. Be3 Ne4 7. Qg4 g5 8. a3 Ba5
9. Bd3 h5 10. Qf3 Nxc3 11. Bd2 c5 12. bxc3 Nc6 13. Ne2 c4 14. Bxc4 dxc4 15. Qe3
Ne7 16. Qxg5 Nf5 17. Qf4 Qh4 18. Qxh4 Nxh4 19. Bg5 Nf5 20. O-O Bd7 21. Bd2 Bc6
22. Ng3 Nxd4 23. cxd4 Bxd2 24. Rad1 c3 25. f3 Bb5 26. Rxd2 Bxf1 0-1

[Event "ODJM A 2018"]
[Site "Willingen GER"]
[Date "2018.05.25"]
[Round "8"]
[White "Stemmler, Fabian"]
[Black "Fuhlrott, Tim"]
[Result "1/2-1/2"]
[Termination "normal"]
[Board "20"]
[WhiteElo "1963"]
[BlackElo "1930"]
[PlyCount "46"]
[WhiteFideId "12964808"]
[BlackFideId "16222431"]
[EventCountry "GER"]
[EventRounds "9"]
[EventType "swiss"]
[EventDate "2018.05.19"]

1. d4 f5 2. Bg5 h6 3. Bh4 g5 4. e4 Bg7 5. Bg3 d6 6. exf5 Bxf5 7. Bd3 Qd7 8.
Qh5+ Kd8 9. Qf3 Bxd3 10. Qxd3 Nc6 11. c3 e5 12. dxe5 Nxe5 13. Bxe5 Bxe5 14. Nf3
Bg7 15. Na3 c6 16. O-O-O Kc7 17. Nc4 d5 18. Nce5 Bxe5 19. Nxe5 Qd6 20. Rhe1 Re8
21. Ng6 Rxe1 22. Rxe1 Rh7 23. Qf5 Ne7 1/2-1/2

[Event "ODJM A 2018"]
[Site "Willingen GER"]
[Date "2018.05.25"]
[Round "8"]
[White "Tham, Minh"]
[Black "Elier, Ali"]
[Result "1-0"]
[Termination "normal"]
[Board "21"]
[WhiteElo "1910"]
[BlackElo "1987"]
[PlyCount "43"]
[WhiteFideId "12997323"]
[BlackFideId "16217543"]
[EventCountry "GER"]
[EventRounds "9"]
[EventType "swiss"]
[EventDate "2018.05.19"]

1. d4 d5 2. c4 e6 3. Nc3 c5 4. e3 cxd4 5. exd4 Nf6 6. Nf3 Be7 7. g3 O-O 8. Bg2
Nc6 9. cxd5 Nxd5 10. O-O Bf6 11. Ne4 Qb6 12. Nxf6+ Nxf6 13. Qb3 Qxb3 14. axb3
Rd8 15. Rd1 Nd5 16. Ne5 Ncb4 17. Bd2 f6 18. Nc4 Kf7 19. Bxb4 Nxb4 20. Nb6 Rb8
21. Rxa7 Nc6 22. Bxc6 1-0

[Event "ODJM A 2018"]
[Site "Willingen GER"]
[Date "2018.05.25"]
[Round "8"]
[White "Englert, Jon"]
[Black "Kreutz, Jonas"]
[Result "1-0"]
[Termination "normal"]
[Board "22"]
[WhiteElo "2031"]
[BlackElo "1861"]
[PlyCount "79"]
[WhiteFideId "12992275"]
[BlackFideId "12970697"]
[EventCountry "GER"]
[EventRounds "9"]
[EventType "swiss"]
[EventDate "2018.05.19"]

1. e4 e6 2. d3 d5 3. Nd2 Nf6 4. Ngf3 Nc6 5. g3 dxe4 6. dxe4 Be7 7. Bg2 O-O 8.
O-O Nd4 9. c3 Nxf3+ 10. Qxf3 e5 11. Nc4 Bg4 12. Qe3 Nd7 13. h3 Bc5 14. Qd3 Be6
15. b4 Be7 16. Rd1 f6 17. Qe2 c5 18. b5 Qc7 19. Ne3 Nb6 20. Nd5 Nxd5 21. exd5
Bf7 22. c4 a6 23. Rb1 axb5 24. Rxb5 Bd6 25. Qb2 Ra7 26. Rd3 Rfa8 27. a3 Be8 28.
Rb6 Ba4 29. Be4 Bc2 30. Bxh7+ Kh8 31. Qxc2 Qxb6 32. Rb3 Qa5 33. Bf5 Qc7 34. Qe4
g5 35. h4 Qg7 36. hxg5 fxg5 37. g4 Qf6 38. Rh3+ Kg8 39. Be6+ Kf8 40. Rf3 1-0